| 000 | 01841nam a22003734a 4500 | ||
|---|---|---|---|
| 001 | ebr10170581 | ||
| 003 | CaPaEBR | ||
| 006 | m u | ||
| 007 | cr cn||||||||| | ||
| 008 | 060516s2006 nyu sb 001 0 eng | ||
| 010 | _z 2006016116 | ||
| 020 | _z0814719953 (cloth : alk. paper) | ||
| 020 | _z9780814719954 (cloth : alk. paper) | ||
| 040 |
_aCaPaEBR _cCaPaEBR |
||
| 035 | _a(OCoLC)169946400 | ||
| 043 | _an-us--- | ||
| 050 | 1 | 4 |
_aTL789.8.U6 _bA5318 2006eb |
| 082 | 0 | 4 |
_a629.45/4 _222 |
| 100 | 1 |
_aDe Groot, Gerard J., _d1955- |
|
| 245 | 1 | 0 |
_aDark side of the moon _h[electronic resource] : _bthe magnificent madness of the American lunar quest / _cGerard J. DeGroot. |
| 260 |
_aNew York : _bNew York University Press, _cc2006. |
||
| 300 | _axiv, 321 p. | ||
| 504 | _aIncludes bibliographical references (p. 289-292) and index. | ||
| 505 | 0 | _aFly me to the moon -- Slaves to a dream -- What are we waiting for? -- Sputnik -- The red rockets glare -- Muttnik -- Rocket jocks -- Before this decade is out -- The sleep of reason produces monsters -- Lost in space -- Sacrifices on the altar of St. John -- Merry Christmas from the Moon -- Magnificent desolation -- Nothing left to do. | |
| 533 |
_aElectronic reproduction. _bPalo Alto, Calif. : _cebrary, _d2013. _nAvailable via World Wide Web. _nAccess may be limited to ebrary affiliated libraries. |
||
| 610 | 2 | 0 |
_aProject Apollo (U.S.) _xHistory. |
| 650 | 0 |
_aSpace flight to the moon _xHistory _y20th century. |
|
| 651 | 0 |
_aMoon _xExploration _y20th century. |
|
| 651 | 0 |
_aUnited States _xHistory _y1953-1961. |
|
| 651 | 0 |
_aUnited States _xHistory _y1961-1969. |
|
| 655 | 7 |
_aElectronic books. _2local |
|
| 710 | 2 | _aebrary, Inc. | |
| 856 | 4 | 0 |
_uhttp://site.ebrary.com/lib/rucke/Doc?id=10170581 _zAn electronic book accessible through the World Wide Web; click to view |
| 999 |
_c249613 _d249613 |
||